LEADER 01091nam0-2200337---450- 001 990000344980203316 005 20090319130738.0 035 $a0034498 035 $aUSA010034498 035 $a(ALEPH)000034498USA01 035 $a0034498 100 $a20010223d1999----km-y0itay0103----ba 101 $aita 102 $aIT 105 $a||||||||001yy 200 1 $aStudio economico del settore televisivo locale italiano$eanalisi dei bilanci '97 delle TV locali commerciali 210 $aRoma$cOsservatorio delle imprese radiotelevisive private$d1999 215 $a22 p.$d30 cm 606 0 $aTelevisioni private$yItalia 676 $a384.5506545 801 0$aIT$bsalbc$gISBD 912 $a990000344980203316 951 $a384.55 STU 2 (IS III 200)$b24530 G.$cIS III$d00005284 959 $aBK 969 $aECO 979 $aTAMI$b40$c20010223$lUSA01$h1316 979 $c20020403$lUSA01$h1642 979 $aPATRY$b90$c20040406$lUSA01$h1624 979 $aRSIAV4$b90$c20090319$lUSA01$h1307 996 $aStudio economico del settore televisivo locale italiano$9878800 997 $aUNISA LEADER 01861nam0 22003851i 450 001 UON00505528 005 20231205105433.982 010 $a978-34-380-5267-4 100 $a20210505d2011 |0itac50 ba 101 $aeng$aHEB 102 $aDE 105 $a|||| 1|||| 200 1 $aJudges$dShof?im$fprepared by Natalio Fernández Marcos$gthe Masorah prepared in cooperation with David Marcus 210 $aStuttgart$cDeutsche Bibelgesellschaft$d2011 215 $axxxii, 63, 141 p.$d24 cm 311 $aSEB VI AA 087 (7) N$9UON00283991 312 $aIn ebraico$9UON00505529 312 $aTit. variante$9UON00505530 410 0$1001UON00283991$12001 $aBiblia Hebraica$eQuinta editione cum apparatu critico novis curis elaborato$fCommuniter ediderunt A. Shenker ... [et al.]$v7 SEB VI AA 087 (7) N 500 1$3UON00352036$aBibbia. Antico Testamento$955281 510 0$3UON00505529$aShof?im 517 0$3UON00505530$aBiblia Hebraica Quinta: Judges 606 $aBIBBIA$xVecchio Testamento$xGiudici$3UONC055131$2FI 620 $aDE$dStuttgart$3UONL003712 686 $aSEB VI AA$cSTUDI EBRAICI - LETTERATURA - TESTI BIBLICI - TESTI$2A 702 1$aFernández Marcos$bNatalio$3UONV025115 702 1$aMarcus$bDavid$f1941-$3UONV285148 712 $aDeutsche Bibelgesellschaft$3UONV256948$4650 801 $aIT$bSOL$c20240220$gRICA 899 $aSIBA - SISTEMA BIBLIOTECARIO DI ATENEO$2UONSI 912 $aUON00505528 950 $aSIBA - SISTEMA BIBLIOTECARIO DI ATENEO$dSI SEB VI AA 087 (7) N $eSI 36821 5 087 (7) N 951 $aSIBA - SISTEMA BIBLIOTECARIO DI ATENEO$bSI2021177 1J 20210108 996 $aBibbia. Antico Testamento$955281 997 $aUNIOR